000 01635nam a22003617i 4500
999 _c172011
_d172011
003 PPAK
005 20190410124336.0
008 190409t2017 nyuaf||j |||| 00| 1 eng d
020 _a9780062824332
_cRM34.90
_qpaperback
040 _aPPAK
_beng
_cPPAK
_erda
082 0 4 _223
_a823.92
090 0 0 _a823.92
_bWIL
_dK
100 1 _aWilson, Anna,
_d1970-
_eauthor.
245 1 0 _aPADDINGTON 2 :
_bTHE JUNIOR NOVEL /
_cAdapted by Anna Wilson
246 3 0 _aPaddington two
250 _aFirst edition
264 1 _aNew York :
_bHarper Festival, an imprint of HarperCollins Publishers,
_c[2017]
264 4 _c©2017
300 _a172 pages, 8 unnumbered pages of plates :
_bcolour illustrations
_c19 cm
336 _2rdacontent
_atext
337 _2rdamedia
_aunmediated
338 _2rdacarrier
_avolume
500 _aBased on the screenplay written by Paul King and Simon Farnaby ; based on Paddington Bear created by Michael Bond.
520 _aPaddington returns for another fun-filled instalment of marmalade and mishaps in a star-studded new movie! Join the irresistible Brown family and their adopted bear, plus a whole new cast of heroes and villains. Bigger and better than ever, the story of the new Paddington movie is both hilarious and heart-warming. Guaranteed to capture the hearts of fans, old and new!
521 1 _aAges 8-12.
650 1 0 _aChildren's young adult and educational
650 2 0 _aChildren's stories
_vJuvenile fiction
650 2 0 _aPaddington Bear
_v(Fictitious character)
_xJuvenile fiction
655 7 _aHumorous fiction
655 7 _aJuvenile fiction
655 7 _aFiction
942 _2ddc
_cB